书目信息 |
| 题名: |
荣誉就是你的生命
|
|
| 作者: | 沛霖·泓露 编译 | |
| 分册: | ||
| 出版信息: | 北京 中国商业出版社 2015 |
|
| 页数: | 257页 | |
| 开本: | 24cm | |
| 丛书名: | ||
| 单 册: | ||
| 中图分类: | B82-49 | |
| 科图分类: | ||
| 主题词: | 荣誉--通俗读物 | |
| 电子资源: | ||
| ISBN: | 978-7-5044-8867-1 | |
| 000 | 00894nam0 2200253 450 | |
| 001 | 012001000598 | |
| 005 | 20140920091302.0 | |
| 010 | @a978-7-5044-8867-1@dCNY39.80 | |
| 100 | @a20151101d2015 em y0chiy50 ea | |
| 101 | 0 | @achi |
| 102 | @aCN@b110000 | |
| 105 | @ay z 000yy | |
| 106 | @ar | |
| 200 | 1 | @a荣誉就是你的生命@9Rong Yu Jiu Shi Ni De Sheng Ming@dHonor is your life@zeng@f沛霖·泓露编译 |
| 210 | @a北京@c中国商业出版社@d2015 | |
| 215 | @a257页@d24cm | |
| 300 | @a西点军校的公开课 | |
| 330 | @a本书深度挖掘西点军校做事的核心精神,如西点校训(责任、荣誉、国家),西点训条(准时、守纪、严格、正直、刚毅)等等,并将其一一呈现在我们眼前,指引我们去深思,去学习。 | |
| 510 | 1 | @aHonor is your life@zeng |
| 606 | 0 | @a荣誉@j通俗读物 |
| 690 | @aB82-49@v5 | |
| 701 | 0 | @a沛霖·泓露@9Pei Lin · Hong Lu@4编译 |
| 801 | 0 | @aCN@b上海新华@c20180901 |
| 905 | @b1150877-81@dB82-49@e1092@f5 | |
| 荣誉就是你的生命=Honor is your life/沛霖·泓露编译.-北京:中国商业出版社,2015 |
| 257页;24cm |
| 西点军校的公开课 |
| ISBN 978-7-5044-8867-1:CNY39.80 |
| 本书深度挖掘西点军校做事的核心精神,如西点校训(责任、荣誉、国家),西点训条(准时、守纪、严格、正直、刚毅)等等,并将其一一呈现在我们眼前,指引我们去深思,去学习。 |
| ● |
| 相关链接 |
|
|
|
|
正题名:荣誉就是你的生命
索取号:B82-49/1092
 
预约/预借
| 序号 | 登录号 | 条形码 | 馆藏地/架位号 | 状态 | 备注 |
| 1 | 1150877 | 211508778 | 第一样本阅览室/ [索取号:B82-49/1092] | 在馆 | |
| 2 | 1150878 | 211508787 | 第一借阅区/ [索取号:B82-49/1092] | 在馆 | |
| 3 | 1150879 | 211508796 | 第一借阅区/ [索取号:B82-49/1092] | 在馆 | |
| 4 | 1150880 | 211508803 | 第一借阅区/ [索取号:B82-49/1092] | 在馆 | |
| 5 | 1150881 | 211508812 | 第一借阅区/ [索取号:B82-49/1092] | 在馆 |